<?xml version="1.0" encoding="UTF-8"?><?xml-stylesheet type="text/xsl" href="static/style.xsl"?><OAI-PMH xmlns="http://www.openarchives.org/OAI/2.0/" xmlns:xsi="http://www.w3.org/2001/XMLSchema-instance" xsi:schemaLocation="http://www.openarchives.org/OAI/2.0/ http://www.openarchives.org/OAI/2.0/OAI-PMH.xsd"><responseDate>2026-04-14T05:16:09Z</responseDate><request verb="GetRecord" identifier="oai:www.recercat.cat:2117/127661" metadataPrefix="marc">https://recercat.cat/oai/request</request><GetRecord><record><header><identifier>oai:recercat.cat:2117/127661</identifier><datestamp>2025-07-23T05:08:13Z</datestamp><setSpec>com_2072_1033</setSpec><setSpec>col_2072_452951</setSpec></header><metadata><record xmlns="http://www.loc.gov/MARC21/slim" xmlns:dcterms="http://purl.org/dc/terms/" xmlns:xsi="http://www.w3.org/2001/XMLSchema-instance" xmlns:doc="http://www.lyncode.com/xoai" xsi:schemaLocation="http://www.loc.gov/MARC21/slim http://www.loc.gov/standards/marcxml/schema/MARC21slim.xsd">
   <leader>00925njm 22002777a 4500</leader>
   <datafield ind2=" " ind1=" " tag="042">
      <subfield code="a">dc</subfield>
   </datafield>
   <datafield ind2=" " ind1=" " tag="720">
      <subfield code="a">Jiménez Díaz, Natalia</subfield>
      <subfield code="e">author</subfield>
   </datafield>
   <datafield ind2=" " ind1=" " tag="260">
      <subfield code="c">2018-07-02</subfield>
   </datafield>
   <datafield ind2=" " ind1=" " tag="520">
      <subfield code="a">On the one hand, knowledge of symbol timing and frequency offset is required for demodulation in digital communication systems. On the other hand, capabilities of machine learning in the communications domain have not yet been developed so to be able to have an impact in the actual systems and technologies. The goal is to realize a computationally efficient synchronization algorithm based on Neural Networks (NN). The main attractive of NN is the fact that given a structure which is known to be able to converge, it will give the capability to be easily implemented and trained on the concrete type of conditions given in each environment so that it will lead to the best estimator for each case. Also, despite the possibility of designing your own activation functions has already been exploded, it is important that the NN structure to be found is made of Dense feedforward hidden layers with the usual activation functions found on Keras library (those being for instance Linear, Relu, Sigmoid, etc).</subfield>
   </datafield>
   <datafield ind2=" " ind1=" " tag="520">
      <subfield code="a">Por un lado, el conocimiento del tiempo del símbolo y el desplazamiento de frecuencia es necesario para la demodulación en los sistemas de comunicación digital. Por otro lado, las capacidades de Machine Learning en el dominio de las comunicaciones aún no se han desarrollado para poder tener un impacto en los sistemas y tecnologías actuales. El objetivo es realizar un algoritmo de sincronización computacionalmente eficiente basado en redes neuronales (NN). El principal atractivo de las NN es el hecho que, dada una estructura la cual es sabido que puede converger, se da la capacidad de implementarla fácilmente y entrenarla sobre el tipo concreto de condiciones que se dan en cada entorno para que de lugar al mejor estimador en cada caso Además, a pesar de que ya se ha explotado la posibilidad de diseñar funciones de activación propias, es importante que la estructura NN que se encuentre esté compuesta de feedforward hidden layers con las funciones de activación habituales que se encuentran en la biblioteca Keras (por ejemplo Linear, Relu) , Sigmoid, etc.).</subfield>
   </datafield>
   <datafield ind2=" " ind1=" " tag="520">
      <subfield code="a">D'una banda, el coneixement del temps del símbol i el desplaçament de freqüència és necessari per a la desmodulació en els sistemes de comunicació digital. D'altra banda, les capacitats de Machine Learning en el domini de les comunicacions encara no s'han desenvolupat per poder tenir un impacte en els sistemes i tecnologies actuals. L'objectiu és realitzar un algoritme de sincronització computacionalment eficient basat en xarxes neuronals (NN). El principal atractiu de les NN és el fet que, donada una estructura la qual és sabut que pot convergir, es dóna la capacitat d'implementar-se fàcilment i entrenar-la sobre el tipus concret de condicions que es donen en cada entorn per a que doni lloc al millor estimador en cada cas A més, tot i que ja s'ha explotat la possibilitat de dissenyar funcions d'activació pròpies, és important que l'estructura NN que es trobi estigui composta de feedforward hidden layers amb les funcions d'activació habituals que es troben a la biblioteca Keras (per exemple linear, Relu), Sigmoid, etc.).</subfield>
   </datafield>
   <datafield tag="653" ind2=" " ind1=" ">
      <subfield code="a">Neural networks (Computer science)</subfield>
   </datafield>
   <datafield tag="653" ind2=" " ind1=" ">
      <subfield code="a">Machine learning</subfield>
   </datafield>
   <datafield tag="653" ind2=" " ind1=" ">
      <subfield code="a">Signal processing</subfield>
   </datafield>
   <datafield tag="653" ind2=" " ind1=" ">
      <subfield code="a">synchronization</subfield>
   </datafield>
   <datafield tag="653" ind2=" " ind1=" ">
      <subfield code="a">machine learning</subfield>
   </datafield>
   <datafield tag="653" ind2=" " ind1=" ">
      <subfield code="a">Xarxes neuronals (Informàtica)</subfield>
   </datafield>
   <datafield tag="653" ind2=" " ind1=" ">
      <subfield code="a">Aprenentatge automàtic</subfield>
   </datafield>
   <datafield tag="653" ind2=" " ind1=" ">
      <subfield code="a">Tractament del senyal</subfield>
   </datafield>
   <datafield ind2="0" ind1="0" tag="245">
      <subfield code="a">Blind synchronization using neural networks</subfield>
   </datafield>
   <datafield ind2="0" ind1="0" tag="245">
      <subfield code="a">Sincronización ciega con neural networks</subfield>
   </datafield>
   <datafield ind2="0" ind1="0" tag="245">
      <subfield code="a">Sincronització cega amb neural networks</subfield>
   </datafield>
</record></metadata></record></GetRecord></OAI-PMH>